[Event "St Petersburg-ch 95th"]
[Site "St Petersburg"]
[Date "2022.03.22"]
[Round "8"]
[White "Golikov, Daniil"]
[Black "Shubin, Kirill"]
[Result "1/2-1/2"]
[WhiteElo "2290"]
[BlackElo "2473"]
[PlyCount "80"]
[EventDate "2022.03.15"]
[EventType "swiss"]
[EventRounds "9"]
[EventCountry "RUS"]
[SourceTitle "CBM 207 Extra"]
[Source "ChessBase"]
[SourceDate "2022.05.31"]
[SourceVersion "1"]
[SourceVersionDate "2022.05.31"]
[SourceQuality "1"]

1. d4 Nf6 2. c4 e6 3. Nc3 Bb4 4. e3 0-0 5. Nge2 Re8 6. a3 Bf8 7. Ng3 d5 8. Bd3 dxc4 9. Bxc4 c5 10. dxc5 Qxd1+ 11. Kxd1 Bxc5 12. Ke2 a6 13. Rd1 b5 14. Bd3 Bb7 15. Nge4 Nbd7 16. Nxf6+ Nxf6 17. f3 Red8 18. Bd2 Rd7 19. Be1 Rad8 20. Bh4 Be7 21. Bc2 Kf8 22. Rxd7 Nxd7 23. Bxe7+ Kxe7 24. Be4 Bxe4 25. Nxe4 f5 26. Nf2 Rc8 27. Rd1 e5 28. Nd3 Ke6 29. Rc1 Rxc1 30. Nxc1 Kd5 31. Kd2 Nb6 32. b3 a5 33. Ne2 a4 34. Nc3+ Kc5 35. bxa4 bxa4 36. Kd3 g5 37. g4 e4+ 38. fxe4 fxg4 39. e5 h5 40. Ne4+ Kd5 1/2-1/2

[Event "St Petersburg-ch 95th"]
[Site "St Petersburg"]
[Date "2022.03.21"]
[Round "7"]
[White "Timerkhanov, Alexander"]
[Black "Golikov, Daniil"]
[Result "0-1"]
[WhiteElo "2387"]
[BlackElo "2290"]
[PlyCount "140"]
[EventDate "2022.03.15"]
[EventType "swiss"]
[EventRounds "9"]
[EventCountry "RUS"]
[SourceTitle "CBM 207 Extra"]
[Source "ChessBase"]
[SourceDate "2022.05.31"]
[SourceVersion "1"]
[SourceVersionDate "2022.05.31"]
[SourceQuality "1"]

1. d4 Nf6 2. Bg5 e6 3. Nd2 c5 4. e3 h6 5. Bh4 Be7 6. Bxf6 Bxf6 7. Ne4 Be7 8. dxc5 Bxc5 9. Nxc5 Qa5+ 10. Qd2 Qxc5 11. c4 Nc6 12. Nf3 0-0 13. a3 a5 14. Be2 d5 15. cxd5 Rd8 16. Rc1 Qxd5 17. Qc3 Bd7 18. 0-0 Rac8 19. Bc4 Qc5 20. Rfd1 Be8 21. Rxd8 Rxd8 22. h3 Qb6 23. Qb3 Qxb3 24. Bxb3 Kf8 25. Kf1 Ke7 26. Ke1 Bd7 27. Ba4 Rc8 28. Rc5 b6 29. Rc3 Nd8 30. Rxc8 Bxc8 31. Ne5 Kd6 32. f4 Bb7 33. g4 f6 34. Nd7 Kc7 35. Kf2 Be4 36. h4 Nc6 37. Nf8 Kd6 38. Bb3 Nd8 39. h5 Ke7 40. Ng6+ Bxg6 41. hxg6 f5 42. e4 fxg4 43. Kg3 h5 44. Kh4 Kf6 45. Ba4 Nb7 46. Bc6 Nd8 47. Bb5 e5 48. f5 Nb7 49. b4 axb4 50. axb4 Nd6 51. Bd3 Ke7 52. Kg3 Ke8 53. Kh4 Kf8 54. Kxh5 g3 55. Bf1 Nxe4 56. Bg2 Nd6 57. Kg5 Ke7 58. Bh1 e4 59. Kf4 Nxf5 60. Bxe4 Kf6 61. Bh1 Kxg6 62. Ke5 Ne3 63. Kd6 g2 64. Bxg2 Nxg2 65. Kc6 Ne3 66. Kxb6 Nd5+ 67. Kc5 Nxb4 68. Kxb4 Kf5 69. Kc3 Kf4 70. Kd2 Kf3 0-1

[Event "St Petersburg-ch 95th"]
[Site "St Petersburg"]
[Date "2022.03.15"]
[Round "1"]
[White "Golikov, Daniil"]
[Black "Chyndygyr, Tamerlan"]
[Result "0-1"]
[WhiteElo "2290"]
[BlackElo "2413"]
[PlyCount "68"]
[EventDate "2022.03.15"]
[EventType "swiss"]
[EventRounds "9"]
[EventCountry "RUS"]
[SourceTitle "CBM 207 Extra"]
[Source "ChessBase"]
[SourceDate "2022.05.31"]
[SourceVersion "1"]
[SourceVersionDate "2022.05.31"]
[SourceQuality "1"]

1. d4 d5 2. c4 e6 3. Nc3 c6 4. Nf3 Nf6 5. e3 Nbd7 6. Bd3 dxc4 7. Bxc4 b5 8. Bd3 a6 9. e4 c5 10. e5 cxd4 11. Nxb5 axb5 12. exf6 Qb6 13. fxg7 Bxg7 14. Qe2 Ba6 15. b4 0-0 16. 0-0 Rae8 17. Bb2 f5 18. a4 e5 19. axb5 Bb7 20. Bc4+ Kh8 21. Rfd1 Bf6 22. Qc2 Rc8 23. Qb3 Rfe8 24. h4 h6 25. Bf7 Re7 26. h5 Qxb5 27. Be6 Be4 28. Ra5 Qb6 29. Bxd7 Rxd7 30. Qa4 Rg7 31. Ra6 Bxf3 32. Rxb6 Rxg2+ 33. Kf1 Rh2 34. Ke1 Rh1+ 0-1

[Event "Chigorin Memorial 28th"]
[Site "St Petersburg"]
[Date "2021.10.25"]
[Round "3"]
[White "Uskov, Artem"]
[Black "Golikov, Daniil"]
[Result "1/2-1/2"]
[WhiteElo "2147"]
[BlackElo "2336"]
[PlyCount "81"]
[EventDate "2021.10.23"]
[EventType "swiss"]
[EventRounds "9"]
[EventCountry "RUS"]
[SourceTitle "EXT 2023"]
[Source "ChessBase"]
[SourceDate "2022.10.05"]
[SourceVersion "1"]
[SourceVersionDate "2022.10.05"]
[SourceQuality "1"]

1. e4 c6 2. d4 d5 3. e5 Bf5 4. Nf3 e6 5. Be2 Nd7 6. 0-0 h6 7. Nbd2 Ne7 8. Nb3 g5 9. Ne1 Qb6 10. Nd3 Ng6 11. Be3 Be7 12. a4 Qc7 13. a5 a6 14. Qd2 0-0-0 15. Qc3 f6 16. exf6 Bxf6 17. Ndc5 Nxc5 18. Nxc5 e5 19. Rfe1 exd4 20. Bxd4 Bxd4 21. Qxd4 Rhe8 22. Bd3 Bxd3 23. Qxd3 Rxe1+ 24. Rxe1 Qxa5 25. Qf5+ Kb8 26. Nd3 Nf4 27. b4 Qc7 28. Nc5 Qc8 29. Qe5+ Ka8 30. g3 Qg4 31. Qc7 Rb8 32. Nd7 Rh8 33. Nc5 Rb8 34. Nd7 Rh8 35. Nc5 Rb8 36. Nd7 Rh8 37. Nc5 Rb8 38. Nd7 Rh8 39. Nc5 Rb8 40. Nd7 Rh8 41. Nc5 1/2-1/2

[Event "RUS-ch U20"]
[Site "Loo"]
[Date "2021.04.25"]
[Round "5"]
[White "Makarian, Rudik"]
[Black "Golikov, Daniil"]
[Result "0-1"]
[WhiteElo "2468"]
[BlackElo "2250"]
[PlyCount "87"]
[EventDate "2021.04.21"]
[EventType "swiss"]
[EventRounds "9"]
[EventCountry "RUS"]
[SourceTitle "CBM 202 Extra"]
[Source "ChessBase"]
[SourceDate "2021.07.31"]
[SourceVersion "1"]
[SourceVersionDate "2021.07.31"]
[SourceQuality "1"]

1. d4 Nf6 2. c4 e6 3. g3 Bb4+ 4. Bd2 Qe7 5. Bg2 Nc6 6. e3 Bxd2+ 7. Nxd2 d5 8. Ngf3 0-0 9. 0-0 b6 10. Rc1 Bb7 11. Qa4 Qe8 12. Qa3 a5 13. Rfe1 Rc8 14. cxd5 exd5 15. Bh3 Rb8 16. Qc3 Qe7 17. Ne5 Nxe5 18. dxe5 Ne8 19. e4 c5 20. exd5 Bxd5 21. Nc4 Nc7 22. Nd6 Ne6 23. Rcd1 Nd4 24. Bg2 Bxa2 25. f4 Be6 26. Rd2 Qd7 27. Be4 g6 28. Rf1 Bh3 29. Rff2 Qa4 30. Qd3 Qb3 31. Qb1 Qe6 32. Qd3 Qb3 33. Qb1 Qe6 34. Qd3 Rbd8 35. Rd1 f6 36. Bxg6 fxe5 37. Bxh7+ Kh8 38. fxe5 Rxf2 39. Kxf2 Rf8+ 40. Kg1 Qxe5 41. Nc4 Qh5 42. Be4 Ne2+ 43. Kh1 Nxg3+ 44. hxg3 0-1

[Event "St Petersburg-ch sf"]
[Site "St Petersburg"]
[Date "2021.02.27"]
[Round "6"]
[White "Golikov, Daniil"]
[Black "Donskov, Anatoly"]
[Result "1-0"]
[WhiteElo "2229"]
[BlackElo "2286"]
[PlyCount "117"]
[EventDate "2021.02.22"]
[EventType "swiss"]
[EventRounds "9"]
[EventCountry "RUS"]
[SourceTitle "EXT 2022"]
[Source "ChessBase"]
[SourceDate "2021.10.06"]
[SourceVersion "1"]
[SourceVersionDate "2021.10.06"]
[SourceQuality "1"]

1. c4 e5 2. Nc3 d6 3. g3 Nc6 4. Bg2 g6 5. Rb1 a5 6. e3 Be6 7. b3 Bg7 8. Nge2 Qd7 9. d4 Bh3 10. Bxh3 Qxh3 11. d5 Nd8 12. Ng1 Qd7 13. Nf3 f5 14. e4 Nf6 15. exf5 gxf5 16. 0-0 Nf7 17. Ng5 Nxg5 18. Bxg5 0-0 19. Bxf6 Rxf6 20. f4 Qf7 21. fxe5 dxe5 22. Qc2 h5 23. Kh1 h4 24. gxh4 e4 25. Ne2 Re8 26. Nf4 Bh6 27. Rbe1 Bxf4 28. Rxf4 b6 29. Rg1+ Rg6 30. Rg5 e3 31. Rgxf5 Qg7 32. Rf1 e2 33. Re1 a4 34. Rf2 Kh8 35. Rfxe2 Rg8 36. Qb2 Qxb2 37. Rxb2 Kh7 38. Rbe2 Kh6 39. bxa4 Ra8 40. Re6 Ra5 41. Rxg6+ Kxg6 42. Re7 Rxa4 43. Rxc7 Rxa2 44. Rc6+ Kf5 45. Rxb6 Rc2 46. Rb1 Rxc4 47. Rd1 Rxh4 48. d6 Rh8 49. d7 Rd8 50. h4 Ke6 51. h5 Kf5 52. Kg2 Kg5 53. Rd5+ Kh6 54. Kf3 Kg7 55. Ke4 Kf6 56. h6 Kg6 57. Rd6+ Kh7 58. Kd5 Kh8 59. h7 1-0

[Event "RUS-chT 27th"]
[Site "Sochi"]
[Date "2020.11.26"]
[Round "7.6"]
[White "Shimanov, Aleksandr"]
[Black "Golikov, Daniil"]
[Result "1-0"]
[WhiteElo "2593"]
[BlackElo "2230"]
[PlyCount "67"]
[EventDate "2020.11.19"]
[EventType "team-tourn"]
[EventRounds "9"]
[EventCountry "RUS"]
[SourceTitle "CBM 199"]
[Source "ChessBase"]
[SourceDate "2020.12.31"]
[SourceVersion "1"]
[SourceVersionDate "2020.12.31"]
[SourceQuality "1"]
[WhiteTeam "St Petersburg Bronze Horseman"]
[BlackTeam "St Petersburg SShOR"]
[WhiteTeamCountry "RUS"]
[BlackTeamCountry "RUS"]

1. Nf3 Nf6 2. c4 c6 3. g3 d5 4. Bg2 g6 5. b3 Bg7 6. Bb2 0-0 7. 0-0 Nbd7 8. Nc3 b6 9. d4 Bb7 10. Qc2 Qc7 11. Rfe1 Rfe8 12. Rad1 e6 13. Bc1 Rad8 14. Bf4 Qc8 15. Qc1 a6 16. Ne5 c5 17. dxc5 Nxc5 18. Bg5 dxc4 19. Qf4 Rxd1 20. Rxd1 Nh5 21. Qxf7+ Kh8 22. Bxb7 Nxb7 23. Nxg6+ hxg6 24. Qxg6 cxb3 25. Qxh5+ Kg8 26. axb3 Rf8 27. Rc1 Qc5 28. Ne4 Qf5 29. f3 Nc5 30. Nxc5 bxc5 31. Kg2 Qe5 32. Rc2 Qd5 33. Qg6 Qxb3 34. Bh6 1-0

[Event "Murmansk ChessMates 4th"]
[Site "Murmansk"]
[Date "2020.03.15"]
[Round "5.3"]
[White "Golikov, Daniil"]
[Black "Rachid, Alexandre"]
[Result "1-0"]
[WhiteElo "2229"]
[BlackElo "2099"]
[PlyCount "97"]
[EventDate "2020.03.13"]
[EventType "team-tourn"]
[EventRounds "5"]
[EventCountry "RUS"]
[SourceTitle "CBM 195 Extra"]
[Source "ChessBase"]
[SourceDate "2020.05.31"]
[SourceVersion "1"]
[SourceVersionDate "2020.05.31"]
[SourceQuality "1"]
[WhiteTeam "Murmansk CF"]
[BlackTeam "Ile de France Youth"]
[WhiteTeamCountry "RUS"]
[BlackTeamCountry "FRA"]

1. d4 Nf6 2. c4 e6 3. Nf3 d5 4. Nc3 Bb4 5. cxd5 exd5 6. Qa4+ Nc6 7. Bg5 0-0 8. e3 h6 9. Bxf6 Qxf6 10. Rc1 a6 11. Bd3 Bg4 12. Nd2 Rfe8 13. 0-0 Bd6 14. Qb3 Qh4 15. g3 Qh3 16. Rfe1 Be6 17. Na4 Ne7 18. Nc5 Nf5 19. Bf1 Qh5 20. Qxb7 Reb8 21. Qc6 Ne7 22. Qa4 Rxb2 23. Rc2 Rxc2 24. Qxc2 Bf5 25. Qc3 Rb8 26. Nxa6 Rb6 27. Nc5 Bh3 28. a4 Bxc5 29. Qxc5 Rb2 30. Qxe7 Rxd2 31. Bxh3 Qxh3 32. Qd8+ Kh7 33. Qxd5 f5 34. a5 c6 35. Qxc6 Ra2 36. a6 Qh5 37. Qb7 Qe8 38. Rc1 f4 39. Rc7 Qg6 40. exf4 Rxa6 41. f5 Ra1+ 42. Kg2 Qf6 43. Rf7 Qxd4 44. f6 Kg6 45. Rxg7+ Kxf6 46. Qe7+ Kf5 47. Rf7+ Kg6 48. Qe6+ Kg5 49. Rf5+ 1-0

[Event "Murmansk ChessMates 4th"]
[Site "Murmansk"]
[Date "2020.03.13"]
[Round "2.2"]
[White "Golikov, Daniil"]
[Black "Kirakosyan, Ashot"]
[Result "1-0"]
[WhiteElo "2229"]
[BlackElo "1911"]
[PlyCount "67"]
[EventDate "2020.03.13"]
[EventType "team-tourn"]
[EventRounds "5"]
[EventCountry "RUS"]
[SourceTitle "CBM 195 Extra"]
[Source "ChessBase"]
[SourceDate "2020.05.31"]
[SourceVersion "1"]
[SourceVersionDate "2020.05.31"]
[SourceQuality "1"]
[WhiteTeam "Murmansk CF"]
[BlackTeam "Novorossiysk"]
[WhiteTeamCountry "RUS"]
[BlackTeamCountry "RUS"]

1. d4 d5 2. c4 e6 3. Nc3 Nf6 4. cxd5 exd5 5. Bg5 Nc6 6. e3 Be6 7. Bd3 Be7 8. Nge2 0-0 9. Nf4 Nb4 10. Bb1 c5 11. dxc5 Bxc5 12. a3 Na6 13. Bxf6 Qxf6 14. Nfxd5 Qh4 15. 0-0 Rad8 16. Be4 f5 17. Bf3 Nc7 18. Qb3 Rf7 19. Rad1 Rd6 20. Qc2 g5 21. g3 Qh3 22. Bg2 Qh5 23. b4 Bxd5 24. Nxd5 Rh6 25. h3 Bd6 26. Nxc7 Bxc7 27. Bd5 Qxh3 28. Bxf7+ Kf8 29. Qc5+ Kg7 30. Qc3+ Kf8 31. Qh8+ Ke7 32. Rd7+ Kxd7 33. Qe8+ Kd6 34. Rd1# 1-0

[Event "EU-ch blitz"]
[Site "Tallinn"]
[Date "2019.12.07"]
[Round "3"]
[White "Demidov, Mikhail"]
[Black "Golikov, Daniil"]
[Result "1-0"]
[WhiteElo "2631"]
[BlackElo "2220"]
[PlyCount "79"]
[EventDate "2019.12.07"]
[EventType "swiss (blitz)"]
[EventRounds "22"]
[EventCountry "EST"]
[SourceTitle "CBM 193 Extra"]
[Source "ChessBase"]
[SourceDate "2020.01.31"]
[SourceVersion "1"]
[SourceVersionDate "2020.01.31"]
[SourceQuality "1"]

1. Nf3 Nf6 2. g3 g6 3. b3 Bg7 4. Bb2 0-0 5. Bg2 d6 6. d4 Nbd7 7. 0-0 c6 8. c4 Qc7 9. Nc3 e5 10. Qc2 Re8 11. e3 a6 12. Rac1 Rb8 13. Rfd1 Nf8 14. b4 Bg4 15. h3 exd4 16. hxg4 dxc3 17. Qxc3 Ne6 18. Qd3 Nxg4 19. Bxg7 Kxg7 20. Qxd6 Rbd8 21. Qxc7 Nxc7 22. Nd4 Ne5 23. Bf1 Kf6 24. Nb3 Ke7 25. f4 Ng4 26. Re1 Kf8 27. e4 b6 28. e5 Ne6 29. c5 bxc5 30. bxc5 Ra8 31. Bg2 Rec8 32. Na5 Nd8 33. Bf3 h5 34. Red1 Rab8 35. Rxd8+ Rxd8 36. Nxc6 Ne3 37. Nxd8 Rxd8 38. c6 Nf5 39. c7 Rc8 40. Bb7 1-0

[Event "EU-ch blitz"]
[Site "Tallinn"]
[Date "2019.12.07"]
[Round "9"]
[White "Studer, Noel"]
[Black "Golikov, Daniil"]
[Result "1-0"]
[WhiteElo "2394"]
[BlackElo "2220"]
[PlyCount "81"]
[EventDate "2019.12.07"]
[EventType "swiss (blitz)"]
[EventRounds "22"]
[EventCountry "EST"]
[SourceTitle "CBM 193 Extra"]
[Source "ChessBase"]
[SourceDate "2020.01.31"]
[SourceVersion "1"]
[SourceVersionDate "2020.01.31"]
[SourceQuality "1"]

1. d4 Nf6 2. c4 e6 3. Nf3 Bb4+ 4. Nbd2 d5 5. Qa4+ Nc6 6. a3 Be7 7. e3 0-0 8. b4 Nb8 9. Bb2 Nbd7 10. Qc2 c6 11. Bd3 a5 12. c5 b6 13. 0-0 Bb7 14. Rfb1 axb4 15. axb4 Qc7 16. Bc3 b5 17. Nb3 Rxa1 18. Rxa1 Ra8 19. Na5 Bc8 20. Ne5 Bb7 21. f4 g6 22. Rf1 Rf8 23. h3 Kg7 24. g4 Nxe5 25. dxe5 Nd7 26. Qb2 Kh8 27. f5 gxf5 28. gxf5 Rg8+ 29. Kh1 Rg3 30. Qf2 Rxh3+ 31. Kg2 Rh5 32. fxe6 Rg5+ 33. Kf3 Nxe5+ 34. Ke2 f6 35. Qh2 h5 36. Rg1 Rxg1 37. Qxh5+ Kg8 38. Qh7+ Kf8 39. Bxe5 Rg7 40. Qh8+ Rg8 41. Qh6+ 1-0

[Event "St Petersburg Korchnoi Memorial op"]
[Site "St Petersburg"]
[Date "2019.08.22"]
[Round "9"]
[White "Golikov, Daniil"]
[Black "Nurgali, Nazerke"]
[Result "1/2-1/2"]
[WhiteElo "2245"]
[BlackElo "2045"]
[PlyCount "79"]
[EventDate "2019.08.14"]
[EventType "swiss"]
[EventRounds "9"]
[EventCountry "RUS"]
[SourceTitle "CBM 192"]
[Source "ChessBase"]
[SourceDate "2019.10.31"]
[SourceVersion "1"]
[SourceVersionDate "2019.10.31"]
[SourceQuality "1"]

1. c4 c5 2. Nf3 Nc6 3. Nc3 g6 4. d4 cxd4 5. Nxd4 Bg7 6. Nc2 d6 7. e4 Nf6 8. Be2 0-0 9. 0-0 b6 10. Be3 Bb7 11. Qd2 Rc8 12. b3 Re8 13. Rac1 Qc7 14. f3 Qb8 15. Bg5 Nd7 16. g4 a6 17. h4 d5 18. Kg2 d4 19. Na4 Qd6 20. Rcd1 Rcd8 21. Qe1 Qc7 22. Bc1 Nc5 23. Nb2 a5 24. Nd3 e5 25. h5 f6 26. hxg6 hxg6 27. Rh1 Kf7 28. Qg3 Rh8 29. Rxh8 Rxh8 30. Rh1 Rxh1 31. Kxh1 Qd8 32. Qh4 f5 33. Bg5 Qh8 34. Qxh8 Bxh8 35. Nxc5 bxc5 36. Bd3 fxg4 37. fxg4 Bc8 38. Be2 Nb4 39. Nxb4 axb4 40. Kg2 1/2-1/2

[Event "St Petersburg Korchnoi Memorial op"]
[Site "St Petersburg"]
[Date "2019.08.20"]
[Round "7"]
[White "Golikov, Daniil"]
[Black "Zhakamukhov, Eduard"]
[Result "1-0"]
[WhiteElo "2245"]
[BlackElo "2092"]
[PlyCount "165"]
[EventDate "2019.08.14"]
[EventType "swiss"]
[EventRounds "9"]
[EventCountry "RUS"]
[SourceTitle "CBM 192"]
[Source "ChessBase"]
[SourceDate "2019.10.31"]
[SourceVersion "1"]
[SourceVersionDate "2019.10.31"]
[SourceQuality "1"]

1. d4 d5 2. Nf3 Nf6 3. e3 c6 4. Bd3 Bg4 5. b3 e6 6. 0-0 Nbd7 7. Bb2 Bd6 8. Nbd2 0-0 9. c4 e5 10. cxd5 cxd5 11. dxe5 Bxe5 12. Bxe5 Nxe5 13. Be2 Nc6 14. Rc1 Qa5 15. a4 Rfd8 16. h3 Bh5 17. Bb5 Rac8 18. Qc2 Bg6 19. Qc5 b6 20. Qa3 Qb4 21. Qb2 Na5 22. Qd4 Qa3 23. Ra1 Qe7 24. Rfc1 h6 25. Rxc8 Rxc8 26. b4 Nb7 27. Ne5 Nd6 28. Nxg6 fxg6 29. Bd3 Nf5 30. Qb2 Nxe3 31. Bxg6 Nc4 32. Qc3 Qe5 33. Rc1 Qg5 34. Qc2 Nd7 35. Bh7+ Kf8 36. Nf3 Qf4 37. Qf5+ Qxf5 38. Bxf5 Rc7 39. Nd4 Rb7 40. Be6 Nf6 41. Bxd5 Nxd5 42. Rxc4 Ke7 43. b5 Kd6 44. Nf5+ Ke5 45. g4 h5 46. Ne3 Nxe3 47. fxe3 hxg4 48. Rxg4 Kf6 49. Kf2 g5 50. h4 gxh4 51. Rxh4 Ke5 52. Ke2 Rd7 53. Rg4 a6 54. bxa6 Ra7 55. Kd3 Rxa6 56. Kc3 Ra8 57. Kb4 Kd6 58. Kb5 Re8 59. Rd4+ Kc7 60. Rc4+ Kb7 61. e4 Re5+ 62. Kb4 Ka6 63. Kc3 b5 64. axb5+ Kxb5 65. Kd3 Rc5 66. Rd4 Kc6 67. Ke3 Rc1 68. Kf4 Rf1+ 69. Kg5 Rg1+ 70. Kf6 Rg4 71. Kf5 Rh4 72. Rd1 Rh5+ 73. Kf6 Rh6+ 74. Kg5 Re6 75. Kf5 Re8 76. e5 Rf8+ 77. Kg6 Rf2 78. e6 Re2 79. Kf7 Rf2+ 80. Ke8 Re2 81. e7 Kc7 82. Rc1+ Kb7 83. Rf1 1-0

[Event "St Petersburg Korchnoi Memorial op"]
[Site "St Petersburg"]
[Date "2019.08.15"]
[Round "2"]
[White "Garmash, Elizaveta"]
[Black "Golikov, Daniil"]
[Result "0-1"]
[WhiteElo "1137"]
[BlackElo "2245"]
[PlyCount "68"]
[EventDate "2019.08.14"]
[EventType "swiss"]
[EventRounds "9"]
[EventCountry "RUS"]
[SourceTitle "CBM 192"]
[Source "ChessBase"]
[SourceDate "2019.10.31"]
[SourceVersion "1"]
[SourceVersionDate "2019.10.31"]
[SourceQuality "1"]

1. d4 d5 2. Nf3 Nf6 3. Bf4 c5 4. c3 Nc6 5. e3 Qb6 6. Qc2 Nh5 7. dxc5 Qxc5 8. Bg3 Nxg3 9. hxg3 g6 10. Nbd2 e5 11. Nb3 Qb6 12. Rd1 Bf5 13. Qd2 Rd8 14. Be2 h5 15. Nh4 Be6 16. Nf3 Bh6 17. Qc2 Rc8 18. Qd2 Ke7 19. Rh4 Rhd8 20. Kf1 a5 21. Qe1 e4 22. Nfd4 Bg5 23. Rh1 a4 24. Nxc6+ bxc6 25. Nd4 Bd7 26. Rb1 c5 27. Nc2 Be6 28. Na3 d4 29. Bc4 dxe3 30. fxe3 Bxc4+ 31. Nxc4 Qe6 32. Qe2 Rd3 33. b3 axb3 34. axb3 Rxc3 0-1

[Event "EU-ch U18"]
[Site "Bratislava"]
[Date "2019.08.09"]
[Round "8"]
[White "Schoppen, Casper"]
[Black "Golikov, Daniil"]
[Result "1/2-1/2"]
[WhiteElo "2505"]
[BlackElo "2245"]
[PlyCount "80"]
[EventDate "2019.08.02"]
[EventType "swiss"]
[EventRounds "9"]
[EventCountry "SVK"]
[SourceTitle "CBM 191 Extra"]
[Source "ChessBase"]
[SourceDate "2019.09.30"]
[SourceVersion "1"]
[SourceVersionDate "2019.09.30"]
[SourceQuality "1"]

1. e4 e6 2. d4 d5 3. Nc3 Nf6 4. e5 Nfd7 5. f4 c5 6. Nf3 Nc6 7. Be3 Be7 8. Qd2 0-0 9. dxc5 Bxc5 10. Bxc5 Nxc5 11. 0-0-0 Qa5 12. a3 a6 13. Kb1 Na4 14. Nxa4 Qxa4 15. Bd3 Bd7 16. Ng5 h6 17. Nh7 Rfc8 18. g4 Nd4 19. c3 Nb3 20. Qg2 Bb5 21. Bc2 d4 22. Rxd4 Bc6 23. Qg3 Qxd4 24. cxd4 Nd2+ 25. Kc1 Be4 26. Kxd2 Rxc2+ 27. Kd1 Rd8 28. Qe3 Rc4 29. Re1 Rdxd4+ 30. Ke2 Bxh7 31. Rc1 Bd3+ 32. Kf3 Be4+ 33. Kf2 Bc2 34. b3 Rxf4+ 35. Kg3 Rxg4+ 36. Kf3 Rce4 37. Qc3 Ref4+ 38. Ke3 Re4+ 39. Kf3 Ref4+ 40. Ke3 Re4+ 1/2-1/2

[Event "EU-ch U18"]
[Site "Bratislava"]
[Date "2019.08.08"]
[Round "7"]
[White "Chylewski, Patryk"]
[Black "Golikov, Daniil"]
[Result "0-1"]
[WhiteElo "2356"]
[BlackElo "2245"]
[PlyCount "100"]
[EventDate "2019.08.02"]
[EventType "swiss"]
[EventRounds "9"]
[EventCountry "SVK"]
[SourceTitle "CBM 191 Extra"]
[Source "ChessBase"]
[SourceDate "2019.09.30"]
[SourceVersion "1"]
[SourceVersionDate "2019.09.30"]
[SourceQuality "1"]

1. d4 Nf6 2. c4 e6 3. g3 c5 4. d5 exd5 5. cxd5 d6 6. Nc3 g6 7. Nf3 Bg7 8. Bg2 0-0 9. 0-0 a6 10. a4 Re8 11. Re1 Ne4 12. Nxe4 Rxe4 13. Qc2 Re8 14. e4 Nd7 15. Nd2 f5 16. Nc4 Ne5 17. Nxe5 Bxe5 18. Bd2 Bd7 19. Bc3 Bxc3 20. Qxc3 fxe4 21. Bxe4 b5 22. h4 b4 23. Qc2 Qf6 24. Re3 Bf5 25. Rae1 Bxe4 26. Rxe4 Rxe4 27. Rxe4 Qf5 28. Qc4 Rf8 29. Re2 a5 30. b3 Qf3 31. Kh2 Rf5 32. Qa6 Qxd5 33. Qxa5 Qd3 34. Qd8+ Kg7 35. Qe7+ Rf7 36. Qe6 Qd4 37. Kg2 Qf6 38. Qe3 d5 39. Qe5 Qxe5 40. Rxe5 Rd7 41. Kf1 c4 42. bxc4 dxc4 43. Ke2 c3 44. Rc5 Rd2+ 45. Ke3 Rd1 46. Ke2 Ra1 47. Kd3 b3 48. Kxc3 Rc1+ 49. Kxb3 Rxc5 50. Kb4 Rc2 0-1

[Event "EU-ch U18"]
[Site "Bratislava"]
[Date "2019.08.06"]
[Round "5"]
[White "Kukas, Oliver"]
[Black "Golikov, Daniil"]
[Result "1-0"]
[WhiteElo "2085"]
[BlackElo "2245"]
[PlyCount "141"]
[EventDate "2019.08.02"]
[EventType "swiss"]
[EventRounds "9"]
[EventCountry "SVK"]
[SourceTitle "CBM 191 Extra"]
[Source "ChessBase"]
[SourceDate "2019.09.30"]
[SourceVersion "1"]
[SourceVersionDate "2019.09.30"]
[SourceQuality "1"]

1. e4 e6 2. d4 d5 3. Nc3 Nf6 4. Bg5 Be7 5. e5 Nfd7 6. h4 h6 7. Be3 c5 8. Qg4 Kf8 9. dxc5 Nxe5 10. Qg3 Nbc6 11. 0-0-0 Nd7 12. Nf3 Nxc5 13. Bf4 Bd7 14. Bc7 Qc8 15. Bb5 Be8 16. Rhe1 a6 17. Nxd5 exd5 18. Bxc6 Ne4 19. Rxe4 dxe4 20. Bxe4 h5 21. Qe5 Bc6 22. Bf5 Qe8 23. Nd4 Rh6 24. g3 Bb4 25. Qf4 Qe7 26. Nb3 Kg8 27. a3 Bc5 28. Nxc5 Qxc5 29. Be5 Re8 30. Bd4 Qe7 31. Bc3 Bb5 32. Qd4 Rf6 33. Qf4 Rc6 34. Re1 Qxe1+ 35. Bxe1 Rxe1+ 36. Kd2 Re2+ 37. Kd1 Re8 38. a4 Be2+ 39. Kc1 Rf6 40. Qg5 Bf3 41. Bd3 Ree6 42. Qc5 g6 43. b4 Kh7 44. Kb2 Rd6 45. b5 axb5 46. axb5 b6 47. Qe5 Kg7 48. Qe3 Rde6 49. Qd4 Kh7 50. Bc4 Rd6 51. Qe5 Kg7 52. Kc3 Rd7 53. Bb3 Ra7 54. Kb4 Ra8 55. c4 Rc8 56. Qc3 Rc5 57. Bc2 Be2 58. Bb3 g5 59. hxg5 Rxg5 60. Qe3 Rgf5 61. Qxe2 Rxf2 62. Qxh5 R2f5 63. Qg4+ Kf8 64. Qd4 Ke7 65. Bc2 Rc5 66. Be4 Rd6 67. Bd5 Rg6 68. Qe5+ Kf8 69. Qh8+ Ke7 70. Qh4+ Kf8 71. Qf4 1-0

[Event "EU-ch U18"]
[Site "Bratislava"]
[Date "2019.08.05"]
[Round "4"]
[White "Golikov, Daniil"]
[Black "Gatineau, Yovann"]
[Result "0-1"]
[WhiteElo "2245"]
[BlackElo "2363"]
[PlyCount "98"]
[EventDate "2019.08.02"]
[EventType "swiss"]
[EventRounds "9"]
[EventCountry "SVK"]
[SourceTitle "CBM 191 Extra"]
[Source "ChessBase"]
[SourceDate "2019.09.30"]
[SourceVersion "1"]
[SourceVersionDate "2019.09.30"]
[SourceQuality "1"]

1. Nf3 d5 2. c4 d4 3. e3 c5 4. exd4 cxd4 5. d3 Nc6 6. g3 e5 7. a3 a5 8. Bg2 Nf6 9. Bg5 Be7 10. Bxf6 Bxf6 11. 0-0 0-0 12. Re1 Bf5 13. Qc2 Rc8 14. Nbd2 b5 15. Qb3 bxc4 16. Nxc4 Re8 17. Rac1 a4 18. Qxa4 Bxd3 19. Nfd2 Nb8 20. Be4 Bxc4 21. Rxc4 Nd7 22. Rxc8 Qxc8 23. Bf5 Rd8 24. Nc4 d3 25. Bxd7 Qxd7 26. Qxd7 Rxd7 27. f4 d2 28. Rd1 exf4 29. gxf4 Rd4 30. b3 Rd3 31. b4 Rc3 32. Nxd2 Rxa3 33. Rb1 Bd4+ 34. Kf1 Ra2 35. Ne4 Rxh2 36. Rd1 Rh1+ 37. Ke2 Rxd1 38. Kxd1 f5 39. Nd6 g6 40. Ke2 Kf8 41. Kd3 Bg1 42. Kc4 h5 43. Kd3 h4 44. Ke2 h3 45. Kf3 Bh2 46. Nb7 Bxf4 47. Nc5 Ke7 48. b5 g5 49. Nd3 Bd6 0-1

[Event "RUS-chT 26th"]
[Site "Sochi"]
[Date "2019.05.10"]
[Round "9.6"]
[White "Golikov, Daniil"]
[Black "Toropov, Pavel"]
[Result "0-1"]
[WhiteElo "2271"]
[BlackElo "2327"]
[PlyCount "64"]
[EventDate "2019.05.01"]
[EventType "team-tourn"]
[EventRounds "9"]
[EventCountry "RUS"]
[SourceTitle "CBM 190 Extra"]
[Source "ChessBase"]
[SourceDate "2019.07.15"]
[SourceVersion "1"]
[SourceVersionDate "2019.07.15"]
[SourceQuality "1"]
[WhiteTeam "St Petersburg SShOR"]
[BlackTeam "Tatarstan Ladya"]
[WhiteTeamCountry "RUS"]
[BlackTeamCountry "RUS"]

1. c4 c6 2. Nf3 d5 3. e3 Nf6 4. d4 Bf5 5. Nc3 e6 6. Nh4 Be4 7. f3 Bg6 8. Qb3 Qc7 9. Bd2 Nbd7 10. Nxg6 hxg6 11. 0-0-0 dxc4 12. Bxc4 b5 13. Bd3 a6 14. Ne4 c5 15. dxc5 Nxe4 16. Bxe4 Nxc5 17. Qc2 Rc8 18. Kb1 Nxe4 19. Qxe4 Qc6 20. Qd3 Rd8 21. Qe2 Rh5 22. Rc1 Rc5 23. Rxc5 Bxc5 24. Rc1 Qb6 25. e4 Qd6 26. Bg5 f6 27. e5 Qd5 28. Qc2 fxg5 29. Qxc5 Qd3+ 30. Ka1 Kf7 31. Qa7+ Rd7 32. Qxa6 Qc2 0-1